| 000 | 00874nmc a2200313 a 4500 | ||
|---|---|---|---|
| 003 | AR-BaBNM | ||
| 005 | 20251128210520.0 | ||
| 008 | 230020s1998 ||||||||||||||000 | spa|| | ||
| 020 | _a950-560-086-0 | ||
| 040 | _cAR-BaBNM | ||
| 100 | 1 | _aRossi, Juan José | |
| 245 | 1 | 0 | _aLa máscara de América en el eje curvo de nuestra historia |
| 260 |
_aConcepción del Uruguay _bEdiciones Búsqueda de Ayllu _c1998 |
||
| 300 | 0 |
_a477 p. _btablas, láms., il. |
|
| 490 | 0 | _aDesde sudamérica | |
| 500 | 0 | _aContiene referencias bibliográficas | |
| 650 | 4 | _aHISTORIA LATINOAMERICANA | |
| 650 | 4 | _aIDENTIDAD CULTURAL | |
| 650 | 4 | _aONAS | |
| 650 | 4 | _aYAMANAS | |
| 650 | 4 | _aTEHUELCHES | |
| 650 | 4 | _aETNOCENTRISMO | |
| 650 | 4 | _aABORIGENES | |
| 650 | 4 | _aPERIODO PREHISPANICO | |
| 653 | 0 | _aINDIGENISMO | |
| 653 | _aEVANGELIZACION | ||
| 942 | _cBK | ||
| 998 | _cMariana | ||
| 999 |
_c15761 _d15761 |
||